[Event "WchT Seniors 50"]
[Site "Krakow"]
[Date "2024.07.05"]
[Round "4.4"]
[White "Fink Nunn, Petra"]
[Black "Bulkovstein, David"]
[Result "0-1"]
[WhiteElo "1947"]
[BlackElo "1842"]
[PlyCount "70"]
[EventDate "2024.07.02"]
[EventType "team-swiss"]
[EventRounds "9"]
[EventCountry "POL"]
[SourceTitle "CBM 221 Extra"]
[Source "ChessBase"]
[SourceDate "2024.09.30"]
[SourceVersion "1"]
[SourceVersionDate "2024.09.30"]
[SourceQuality "1"]
[WhiteTeam "England 50 (W)"]
[BlackTeam "Israel Rishon Lezion 50"]
[WhiteTeamCountry "ENG"]
[BlackTeamCountry "ISR"]

1. e4 e6 2. d4 d5 3. Nc3 Bb4 4. e5 c5 5. a3 Bxc3+ 6. bxc3 Nc6 7. Qg4 g6 8. h4 Qa5 9. Bd2 Qa4 10. Nf3 h6 11. Bd3 Nge7 12. Qf4 c4 13. Qf6 Rh7 14. Be2 Ng8 15. Qf4 Bd7 16. Ra2 0-0-0 17. 0-0 Qa5 18. Rb1 Nce7 19. Nh2 Ba4 20. Ng4 Qc7 21. Rb4 Bc6 22. a4 b6 23. Bc1 Kb7 24. Ba3 f5 25. Ne3 g5 26. hxg5 Ng6 27. Qf3 hxg5 28. Nxf5 exf5 29. Qxf5 N8e7 30. Qxg5 Rdh8 31. f4 Rg8 32. Qf6 Rf8 33. Qg5 Nxf4 34. Bf3 Nh3+ 35. gxh3 Rg8 0-1

[Event "WchT Seniors 50"]
[Site "Krakow"]
[Date "2024.07.03"]
[Round "2.4"]
[White "Bulkovstein, David"]
[Black "Thomas, Gary"]
[Result "1/2-1/2"]
[WhiteElo "1842"]
[BlackElo "1865"]
[PlyCount "37"]
[EventDate "2024.07.02"]
[EventType "team-swiss"]
[EventRounds "9"]
[EventCountry "POL"]
[SourceTitle "CBM 221 Extra"]
[Source "ChessBase"]
[SourceDate "2024.09.30"]
[SourceVersion "1"]
[SourceVersionDate "2024.09.30"]
[SourceQuality "1"]
[WhiteTeam "Israel Rishon Lezion 50"]
[BlackTeam "Wales Silures 50"]
[WhiteTeamCountry "ISR"]
[BlackTeamCountry "WLS"]

1. Nf3 d5 2. d4 c5 3. e3 Bf5 4. Bd3 Bxd3 5. Qxd3 Nc6 6. c3 e6 7. Nbd2 Nf6 8. 0-0 Be7 9. Ne5 cxd4 10. exd4 Nxe5 11. dxe5 Nd7 12. Qe2 Qc7 13. Re1 Rc8 14. Nb3 Qc4 15. Bd2 Qxe2 16. Rxe2 Nc5 17. Nxc5 Bxc5 18. Be3 Kd7 19. Rd1 1/2-1/2

[Event "World-chT Rapid"]
[Site "Duesseldorf"]
[Date "2023.08.28"]
[Round "12"]
[White "Rennkamp, David"]
[Black "Bulkovstein, David"]
[Result "1/2-1/2"]
[WhiteElo "1738"]
[BlackElo "1766"]
[PlyCount "111"]
[EventDate "2023.08.26"]
[EventType "team-swiss (rapid)"]
[EventRounds "12"]
[EventCountry "GER"]
[SourceTitle "CBM 215 Extra"]
[Source "ChessBase"]
[SourceDate "2023.09.30"]
[SourceVersion "1"]
[SourceVersionDate "2023.09.30"]
[SourceQuality "1"]
[WhiteTeam "Team Chessemy.com"]
[BlackTeam "Rishon Le Zion"]
[WhiteTeamCountry "GER"]
[BlackTeamCountry "ISR"]

1. e4 e6 2. d4 d5 3. Nd2 Be7 4. c3 c5 5. Ngf3 Nf6 6. e5 Nfd7 7. Bd3 Nc6 8. 0-0 a5 9. Re1 Qb6 10. Qb3 Qxb3 11. axb3 cxd4 12. cxd4 Nb4 13. Bb1 b6 14. Nf1 Nb8 15. Ne3 Bd7 16. Rd1 Bb5 17. Nc2 N8a6 18. Nfe1 Rc8 19. Nxb4 Nxb4 20. Bd2 Kd7 21. Bxb4 Bxb4 22. Bd3 Bc6 23. Rac1 Rc7 24. Nc2 Be7 25. Na3 Rhc8 26. Rc2 h6 27. g3 f6 28. Rdc1 fxe5 29. dxe5 Bg5 30. f4 Be7 31. Nb5 Bxb5 32. Bxb5+ Kd8 33. Rxc7 Rxc7 34. Rxc7 Kxc7 35. g4 Bc5+ 36. Kg2 Bd4 37. Kf3 Bxb2 38. h3 Kd8 39. Ke2 g5 40. Kf3 Ke7 41. Bd3 gxf4 42. Kxf4 Kf7 43. h4 Bc1+ 44. Kf3 Kg7 45. Bb5 Bb2 46. Kf4 Bc1+ 47. Kf3 Kf7 48. Bd3 Ke7 49. Bb5 Kd8 50. Bd3 Bd2 51. Bb5 Ke7 52. Bd3 Be1 53. h5 Bd2 54. Bb5 Bc1 55. Bd3 Bd2 56. Bb5 1/2-1/2

[Event "World-chT Rapid"]
[Site "Duesseldorf"]
[Date "2023.08.27"]
[Round "8.10"]
[White "Bulkovstein, David"]
[Black "Ahn, Anastasia"]
[Result "1-0"]
[WhiteElo "1766"]
[BlackElo "1592"]
[PlyCount "49"]
[EventDate "2023.08.26"]
[EventType "team-swiss (rapid)"]
[EventRounds "12"]
[EventCountry "GER"]
[SourceTitle "CBM 215 Extra"]
[Source "ChessBase"]
[SourceDate "2023.09.30"]
[SourceVersion "1"]
[SourceVersionDate "2023.09.30"]
[SourceQuality "1"]
[WhiteTeam "Rishon Le Zion"]
[BlackTeam "Aachen"]
[WhiteTeamCountry "ISR"]
[BlackTeamCountry "GER"]

1. e4 c5 2. Nc3 Nc6 3. g3 g6 4. Bg2 Bg7 5. d3 e6 6. Be3 d6 7. Qd2 Nge7 8. Nge2 0-0 9. 0-0 f5 10. Bg5 a6 11. h4 Nd4 12. Rae1 Qc7 13. Nd1 Rb8 14. c3 Nxe2+ 15. Rxe2 b5 16. Bh6 d5 17. exd5 exd5 18. Bf4 Qb6 19. Bxb8 Be6 20. Be5 d4 21. Bxg7 Kxg7 22. Rfe1 Rf6 23. Re5 Nc8 24. cxd4 cxd4 25. Qb4 1-0

[Event "World-chT Rapid"]
[Site "Duesseldorf"]
[Date "2023.08.27"]
[Round "6.4"]
[White "Bulkovstein, David"]
[Black "Llari, Marc"]
[Result "1/2-1/2"]
[WhiteElo "1766"]
[BlackElo "2092"]
[PlyCount "83"]
[EventDate "2023.08.26"]
[EventType "team-swiss (rapid)"]
[EventRounds "12"]
[EventCountry "GER"]
[SourceTitle "CBM 215 Extra"]
[Source "ChessBase"]
[SourceDate "2023.09.30"]
[SourceVersion "1"]
[SourceVersionDate "2023.09.30"]
[SourceQuality "1"]
[WhiteTeam "Rishon Le Zion"]
[BlackTeam "Linz AlphaEchecs"]
[WhiteTeamCountry "ISR"]
[BlackTeamCountry "AUT"]

1. d4 d5 2. Nf3 Nf6 3. e3 c5 4. b3 Nc6 5. Bb2 cxd4 6. exd4 Bg4 7. Be2 e6 8. 0-0 Be7 9. Ne5 Nxe5 10. dxe5 Bxe2 11. Qxe2 Nd7 12. Nd2 0-0 13. c4 dxc4 14. Nxc4 Nb6 15. Rfd1 Qc7 16. Ne3 Rad8 17. Rac1 Rxd1+ 18. Qxd1 Qb8 19. Qf3 Bg5 20. h4 Bxe3 21. Qxe3 Nd5 22. Qe4 Rc8 23. Rxc8+ Qxc8 24. h5 h6 25. g3 Qc6 26. Qc4 Qxc4 27. bxc4 Nb6 28. c5 Nd5 29. a3 Kf8 30. Kf1 Ke7 31. Ke2 Kd7 32. Kd3 Kc6 33. Kc4 g6 34. Bc1 gxh5 35. Bxh6 Nc7 36. Bf8 Nb5 37. a4 Nc7 38. Bd6 Ne8 39. Bf8 Nc7 40. Bd6 Ne8 41. Bf8 Nc7 42. Bd6 1/2-1/2

[Event "Arad op 16th"]
[Site "Arad"]
[Date "2023.08.10"]
[Round "6"]
[White "Cnejev, Vladimir Alexandru"]
[Black "Bulkovstein, David"]
[Result "1-0"]
[WhiteElo "2352"]
[BlackElo "1766"]
[PlyCount "53"]
[EventDate "2023.08.07"]
[EventType "swiss"]
[EventRounds "9"]
[EventCountry "ROU"]
[SourceTitle "EXT 2024"]
[Source "ChessBase"]
[SourceDate "2023.10.10"]
[SourceVersion "1"]
[SourceVersionDate "2023.10.10"]
[SourceQuality "1"]

1. e4 e6 2. d4 d5 3. e5 c5 4. c3 Nc6 5. Nf3 Bd7 6. a3 Qb6 7. b4 cxd4 8. cxd4 Nge7 9. Be3 Nf5 10. Bd3 Nxe3 11. fxe3 f6 12. Nc3 Rc8 13. Na4 Qc7 14. Rc1 Qb8 15. 0-0 b6 16. exf6 gxf6 17. Nh4 Kd8 18. Nc3 f5 19. Ba6 Ne7 20. Bxc8 Nxc8 21. Nf3 Nd6 22. Ne5 Be8 23. Ne2 Ne4 24. Nf4 Ke7 25. Rc6 Nd6 26. Qc2 Nc4 27. Rxe6+ 1-0

[Event "Timisoara Foisor Memorial Rapid"]
[Site "Timisoara"]
[Date "2023.08.05"]
[Round "1"]
[White "Ardelean, George Catalin"]
[Black "Bulkovstein, David"]
[Result "1-0"]
[WhiteElo "2447"]
[BlackElo "1766"]
[PlyCount "55"]
[EventDate "2023.08.05"]
[EventType "swiss (rapid)"]
[EventRounds "10"]
[EventCountry "ROU"]
[SourceTitle "CBM 215 Extra"]
[Source "ChessBase"]
[SourceDate "2023.09.30"]
[SourceVersion "1"]
[SourceVersionDate "2023.09.30"]
[SourceQuality "1"]

1. d4 Nf6 2. Bf4 c6 3. e3 Qb6 4. Qc1 Nh5 5. c3 Nxf4 6. exf4 g6 7. Nf3 Bg7 8. Nbd2 d6 9. Bd3 Bg4 10. 0-0 0-0 11. Re1 Bxf3 12. Nxf3 e6 13. a4 Nd7 14. a5 Qc7 15. Qe3 Rfe8 16. Ng5 Nf6 17. Qf3 a6 18. h4 d5 19. b4 b5 20. axb6 Qxb6 21. Ra5 Ra7 22. Rea1 Rea8 23. Qe2 Nd7 24. h5 Nb8 25. hxg6 hxg6 26. Bxg6 fxg6 27. Qxe6+ Kh8 28. Qe8+ 1-0

[Event "Ramat Gan Purim Rapid op"]
[Site "Ramat Gan"]
[Date "2023.03.06"]
[Round "5"]
[White "Bulkovstein, David"]
[Black "Bodenshtein, Yair"]
[Result "0-1"]
[WhiteElo "1778"]
[BlackElo "1803"]
[PlyCount "162"]
[EventDate "2023.03.06"]
[EventType "swiss (rapid)"]
[EventRounds "5"]
[EventCountry "ISR"]
[SourceTitle "CBM 213 Extra"]
[Source "ChessBase"]
[SourceDate "2023.05.31"]
[SourceVersion "1"]
[SourceVersionDate "2023.05.31"]
[SourceQuality "1"]

1. d4 d5 2. Nf3 Nf6 3. e3 e6 4. Bd3 Bd6 5. b3 0-0 6. Bb2 c5 7. Nbd2 cxd4 8. exd4 Nc6 9. 0-0 Qc7 10. c4 b6 11. Rc1 Bb7 12. Bb1 Qe7 13. Ne5 dxc4 14. bxc4 Rad8 15. Ng4 Nxg4 16. Qxg4 f5 17. Qh3 Rf6 18. Qh4 Rh6 19. Qxe7 Bxh2+ 20. Kh1 Nxe7 21. Rcd1 Ng6 22. f3 Bg3+ 23. Kg1 Nf4 24. Rfe1 Rg6 25. Re3 Bh4 26. g4 Rg5 27. Re5 fxg4 28. Rxg5 Bxg5 29. fxg4 Ne2+ 30. Kf1 Nxd4 31. Nb3 Nxb3 32. Rxd8+ Bxd8 33. axb3 Bf3 34. b4 Be7 35. Bc3 Bxg4 36. Kf2 Bf5 37. Ba2 Kf8 38. Kf3 g5 39. Bd2 h5 40. c5 bxc5 41. bxc5 g4+ 42. Kf4 Bxc5 43. Kg5 Be7+ 44. Kxh5 g3 45. Be3 g2 46. Bxa7 Bd6 47. Bg1 Bf4 48. Kh4 Ke7 49. Bc4 Kf6 50. Bb6 Bh2 51. Bd8+ Kg6 52. Bb6 g1Q 53. Bxg1 Bxg1 54. Kg3 Bc5 55. Kf4 Kf6 56. Kf3 e5 57. Bd5 Bd6 58. Bc6 Ke7 59. Bb7 Kd7 60. Bd5 Kc7 61. Ba8 Kb6 62. Bd5 Kc5 63. Bb7 Kd4 64. Ba6 e4+ 65. Ke2 Bf4 66. Bb5 Bg4+ 67. Kf1 e3 68. Kg2 Kc3 69. Kf1 Kd2 70. Kg2 e2 71. Bxe2 Kxe2 72. Kh1 Bg5 73. Kg2 Bh4 74. Kh1 Kf3 75. Kg1 Bf2+ 76. Kh2 Ke2 77. Kg2 Bf5 78. Kh2 Kf1 79. Kh1 Bc5 80. Kh2 Bd6+ 81. Kh1 Be4# 0-1

[Event "Jerusalem Israel op"]
[Site "Jerusalem"]
[Date "2019.12.22"]
[Round "9"]
[White "Bulkovstein, David"]
[Black "Kochavi, Dana"]
[Result "1-0"]
[WhiteElo "1889"]
[BlackElo "1445"]
[PlyCount "75"]
[EventDate "2019.12.12"]
[EventType "swiss"]
[EventRounds "9"]
[EventCountry "ISR"]
[SourceTitle "CBM 193 Extra"]
[Source "ChessBase"]
[SourceDate "2020.01.31"]
[SourceVersion "1"]
[SourceVersionDate "2020.01.31"]
[SourceQuality "1"]

1. e4 c6 2. d4 d5 3. e5 Bf5 4. Be3 e6 5. Nf3 Qb6 6. Qc1 c5 7. Be2 Nc6 8. c3 Nh6 9. Nbd2 Ng4 10. 0-0 Nxe3 11. fxe3 Be7 12. a3 c4 13. Re1 h5 14. Bd1 0-0-0 15. e4 Bh7 16. exd5 exd5 17. Bc2 Bxc2 18. Qxc2 Kb8 19. b3 cxb3 20. Nxb3 g5 21. a4 g4 22. Nfd2 Na5 23. Rab1 Rc8 24. Nc5 Qd8 25. Ndb3 Bxc5 26. Nxc5 Ka8 27. Qf5 b6 28. Nb3 Nxb3 29. Rxb3 Qe7 30. Rf1 Rce8 31. Qxf7 Qxf7 32. Rxf7 Rhf8 33. Rxf8 Rxf8 34. Rb5 Rd8 35. Kf2 Kb7 36. Kg3 Kc6 37. Rb2 Rh8 38. Rf2 1-0

[Event "Jerusalem Israel op"]
[Site "Jerusalem"]
[Date "2019.12.19"]
[Round "7"]
[White "Bulkovstein, David"]
[Black "Zalkind, Konstantin"]
[Result "1/2-1/2"]
[WhiteElo "1889"]
[BlackElo "2162"]
[PlyCount "83"]
[EventDate "2019.12.12"]
[EventType "swiss"]
[EventRounds "9"]
[EventCountry "ISR"]
[SourceTitle "CBM 193 Extra"]
[Source "ChessBase"]
[SourceDate "2020.01.31"]
[SourceVersion "1"]
[SourceVersionDate "2020.01.31"]
[SourceQuality "1"]

1. e4 c5 2. Nf3 Nc6 3. d4 cxd4 4. Nxd4 g6 5. c4 Bg7 6. Be3 Nf6 7. Nc3 0-0 8. Be2 d6 9. 0-0 Nxd4 10. Bxd4 Be6 11. f4 Rc8 12. b3 Qa5 13. Qd3 Nd7 14. Bxg7 Kxg7 15. f5 Ne5 16. Qg3 Bd7 17. Nd5 Qd2 18. Rf2 f6 19. Rd1 Qg5 20. Nxe7 Rce8 21. Nd5 Qxg3 22. hxg3 Nc6 23. Bd3 gxf5 24. exf5 Re5 25. Rf4 Nd8 26. Kf2 Nf7 27. g4 Ng5 28. Bc2 Rfe8 29. Nc3 Nf7 30. Be4 Bc6 31. Bf3 Re3 32. Nd5 Bxd5 33. Rxd5 b6 34. Rfd4 Re1 35. Rd2 Kh6 36. Kg3 Kg7 37. R5d3 Kf8 38. Kf2 R8e5 39. Bd5 Ng5 40. Bf3 Nf7 41. Bd5 Ng5 42. Bf3 1/2-1/2